<?xml version="1.0" encoding="UTF-8"?>
<collection xmlns="http://www.loc.gov/MARC21/slim">
 <record>
  <leader>01783nam0a2200301   4500</leader>
  <controlfield tag="001">in00000004741</controlfield>
  <controlfield tag="005">20240425094705.5</controlfield>
  <datafield tag="010" ind1=" " ind2=" ">
   <subfield code="a">978-7-5520-0197-6</subfield>
   <subfield code="d">CNY49.80</subfield>
  </datafield>
  <datafield tag="035" ind1=" " ind2=" ">
   <subfield code="a">006641895</subfield>
  </datafield>
  <datafield tag="100" ind1=" " ind2=" ">
   <subfield code="a">20130606d2012    em y0chiy50      ea</subfield>
  </datafield>
  <datafield tag="101" ind1="1" ind2=" ">
   <subfield code="a">chi</subfield>
   <subfield code="c">eng</subfield>
  </datafield>
  <datafield tag="102" ind1=" " ind2=" ">
   <subfield code="a">CN</subfield>
   <subfield code="b">310000</subfield>
  </datafield>
  <datafield tag="105" ind1=" " ind2=" ">
   <subfield code="a">a   z   001yy</subfield>
  </datafield>
  <datafield tag="106" ind1=" " ind2=" ">
   <subfield code="a">r</subfield>
  </datafield>
  <datafield tag="200" ind1="1" ind2=" ">
   <subfield code="a">城市的胜利</subfield>
   <subfield code="9">cheng shi de sheng li</subfield>
   <subfield code="b">专著</subfield>
   <subfield code="e">城市如何让我们变得更加富有、智慧、绿色、健康和幸福</subfield>
   <subfield code="d">Triumph of the city</subfield>
   <subfield code="e">how our greatest invention makes us richer, smarter, greener, healthier, and happier</subfield>
   <subfield code="f">(美)爱德华·格莱泽(Edward Glaeser)著</subfield>
   <subfield code="g">刘润泉译</subfield>
   <subfield code="z">eng</subfield>
  </datafield>
  <datafield tag="210" ind1=" " ind2=" ">
   <subfield code="a">上海</subfield>
   <subfield code="c">上海社会科学院出版社</subfield>
   <subfield code="d">2012</subfield>
  </datafield>
  <datafield tag="215" ind1=" " ind2=" ">
   <subfield code="a">349页</subfield>
   <subfield code="c">图</subfield>
   <subfield code="d">24cm</subfield>
  </datafield>
  <datafield tag="330" ind1=" " ind2=" ">
   <subfield code="a">本书作者将经济与历史完美对接，揭示了城市的兴盛与衰退、它不为人知的运作方式，以及它如何为人类提供最大的福祉。最终证明：城市是人类最伟大的发明，寄托着人们对未来最美好的希望；高密度的城市生活不仅有利于保护环境，而且能够带来创新与发展，推动人类文明的进程；无论我们身在何处，都要精心培育和维护自己的城市，否则将会自食其果。</subfield>
  </datafield>
  <datafield tag="510" ind1="1" ind2=" ">
   <subfield code="a">Triumph of the city</subfield>
   <subfield code="e">how our greatest invention makes us richer, smarter, greener, healthier, and happier</subfield>
   <subfield code="z">eng</subfield>
  </datafield>
  <datafield tag="606" ind1="0" ind2=" ">
   <subfield code="a">城市学</subfield>
   <subfield code="x">研究</subfield>
  </datafield>
  <datafield tag="690" ind1=" " ind2=" ">
   <subfield code="a">C912.81</subfield>
   <subfield code="v">5</subfield>
  </datafield>
  <datafield tag="701" ind1=" " ind2="0">
   <subfield code="c">(美)</subfield>
   <subfield code="a">格莱泽</subfield>
   <subfield code="9">ge lai ze</subfield>
   <subfield code="c">(Glaeser, Edward L.)</subfield>
   <subfield code="4">著</subfield>
  </datafield>
  <datafield tag="702" ind1=" " ind2="0">
   <subfield code="a">刘润泉</subfield>
   <subfield code="9">liu run quan</subfield>
   <subfield code="4">译</subfield>
  </datafield>
  <datafield tag="090" ind1=" " ind2=" ">
   <subfield code="a">C912.8</subfield>
   <subfield code="b">glz</subfield>
  </datafield>
  <datafield tag="096" ind1=" " ind2=" ">
   <subfield code="a">C912</subfield>
   <subfield code="b">glz</subfield>
  </datafield>
  <datafield tag="801" ind1=" " ind2="0">
   <subfield code="a">CN</subfield>
   <subfield code="b">NJLIB</subfield>
   <subfield code="c">20130318</subfield>
  </datafield>
  <datafield tag="856" ind1="4" ind2=" ">
   <subfield code="u">http://doi.nlc.cn/nlcdoi/108.ndlc.2.1100009031010001/T1F24.006641895</subfield>
   <subfield code="z">全文</subfield>
  </datafield>
  <datafield tag="999" ind1="f" ind2="f">
   <subfield code="s">3c60d9bd-a2b0-4d49-abbb-bd4fba30b698</subfield>
   <subfield code="i">1c9e0281-ad28-4afc-a881-599380ab43ab</subfield>
  </datafield>
 </record>
</collection>
